000 00760nam a2200181Ia 4500
008 090124s9999 xx 000 0 und d
082 _b26136
_a2724
100 _aसोतग्रा रतनलाल
245 _a झाली निळी पहाट (दोन प्रयोगक्षम एकांकिका)
250 _a1
260 _c1990
300 _a55
600 _aसोतग्रा रतनलाल
630 _a झाली निळी पहाट (दोन प्रयोगक्षम एकांकिका)
700 _aसोतग्रा रतनलाल
730 _a झाली निळी पहाट (दोन प्रयोगक्षम एकांकिका)
942 _cBOOK
999 _c139619
_d139619